Top 30 Largest Settlements in Somerset - Statistics

General Stats
  • This quiz has been taken 146 times
  • The average score is 15 of 30
Answer Stats
Population Location Answer % Correct
60,479 South-West Taunton
92%
83,641 North Weston-Super-mare
92%
94,782 North-East Bath
88%
45,784 South-East Yeovil
86%
10,536 East Wells
74%
8,471 East Glastonbury
73%
26,203 East Frome
72%
41,276 Central Bridgwater
70%
11,981 West Minehead
70%
13,074 South Chard
60%
12,911 East Street
60%
23,325 Central Burnham-on-Sea / Highbridge
59%
10,369 East Shepton Mallet
59%
16,060 North Nailsea
57%
23,699 North Portishead
51%
21,002 North Clevedon
50%
11,213 South-West Wellington
47%
12,415 North-East Midsomer Norton
45%
15,641 North-East Keynsham
44%
5,199 North-East Cheddar
43%
9,419 North-East Radstock
42%
4,697 East Somerton
41%
7,826 South Crewkerne
39%
5,808 South Ilminster
35%
5,435 South-East Wincanton
30%
7,203 North Yatton
23%
5,302 North-East Paulton
11%
5,254 North-East Long Ashton
8%
6,269 North-East Peasedown Saint John
7%
4,828 North-East Pill / Easton-in-Gordano
7%
No matching quizzes found
Score Distribution
Percent of People with Each Score
Percentile by Number Answered
Your Score History
You have not taken this quiz